| Tag |
First Indicator |
Second Indicator |
Subfields |
| LEADER |
00000cam a2200000 4500 |
| 001 |
in00000038383 |
| 005 |
20210327063525.0 |
| 008 |
760308s1965 pau b 00000beng |
| 010 |
|
|
|a 65020620
|
| 035 |
|
|
|a (OCoLC)02037718
|
| 035 |
|
|
|9 AAF5735AM
|
| 040 |
|
|
|a DLC
|c FNP
|d TXA
|d UtOrBLW
|
| 049 |
|
|
|a TXAM
|c [455499]
|
| 050 |
|
0 |
|a BR335
|b .S733
|
| 082 |
0 |
|
|a 284.10924
|
| 092 |
|
|
|a 284.1
|b M5173s
|
| 100 |
1 |
|
|a Stupperich, Robert,
|d 1904-2003.
|
| 245 |
1 |
0 |
|a Melanchthon /
|c Translated by Robert H. Fischer.
|
| 264 |
|
1 |
|a Philadelphia :
|b Westminster Press,
|c [1965]
|
| 300 |
|
|
|a 175 pages ;
|c 21 cm.
|
| 336 |
|
|
|a text
|b txt
|2 rdacontent
|
| 337 |
|
|
|a unmediated
|b n
|2 rdamedia
|
| 338 |
|
|
|a volume
|b nc
|2 rdacarrier
|
| 504 |
|
|
|a Bibliography: pages 160-166.
|
| 600 |
1 |
0 |
|a Melanchthon, Philip,
|d 1497-1560.
|
| 999 |
|
|
|a MARS
|
| 999 |
f |
f |
|s 77e44f0e-edb5-3788-b6c1-b12f2da758cb
|i df043b22-476b-36a5-a28e-48f3b49d09bf
|t 0
|
| 952 |
f |
f |
|p normal
|a Texas A&M University
|b College Station
|c Sterling C. Evans Library
|d Evans: Library Stacks
|t 0
|e BR335 .S733
|h Library of Congress classification
|i unmediated -- volume
|m A14800624225
|
| 998 |
f |
f |
|a BR335 .S733
|t 0
|l Evans: Library Stacks
|